Công nghệ học cao su

Tài liệu trình bày các công nghệ và kỹ thuật chế biến cao su nguyên liệu tự nhiên và nhân tạo. Gia giảm các chất phụ gia trong quá trình chế biến cao su nguyên liệu cho phù hợp.

محفوظ في:
التفاصيل البيبلوغرافية
المؤلف الرئيسي: Nguyễn, Xuân Hiền
التنسيق: كتاب
اللغة:Undetermined
منشور في: Thành phố Hồ Chí Minh Trung tâm dạy nghề quận 3 1987
الموضوعات:
الوسوم: إضافة وسم
لا توجد وسوم, كن أول من يضع وسما على هذه التسجيلة!
Thư viện lưu trữ: Trung tâm Học liệu Trường Đại học Cần Thơ
LEADER 00875nam a2200193Ia 4500
001 CTU_156443
008 210402s9999 xx 000 0 und d
082 |a 661 
082 |b H305 
100 |a Nguyễn, Xuân Hiền 
245 0 |a Công nghệ học cao su 
245 0 |c Nguyễn Xuân Hiền 
260 |a Thành phố Hồ Chí Minh 
260 |b Trung tâm dạy nghề quận 3 
260 |c 1987 
520 |a Tài liệu trình bày các công nghệ và kỹ thuật chế biến cao su nguyên liệu tự nhiên và nhân tạo. Gia giảm các chất phụ gia trong quá trình chế biến cao su nguyên liệu cho phù hợp. 
650 |a Rubber industry and trade,Rubbers,Industrial chemicals technology 
904 |i Bạch Trúc 
980 |a Trung tâm Học liệu Trường Đại học Cần Thơ